I Can't Help But Wonder- EPIC The Musical - Statistiques

Statistiques générales
  • Ce quiz a été pris 22 fois
  • Le résultat moyen est 314 sur 361
Statistiques - réponses
Hint Réponse % Correct
a
100%
Telemachus All
100%
all
100%
be
100%
but
100%
But
100%
can
100%
can't
100%
could
100%
For
100%
ever
100%
Telemachus Father ?
100%
Telemachus Father
100%
Telemachus Father,
100%
finally
100%
For
100%
for
100%
Go
100%
have
100%
help
100%
here,
100%
here
100%
home
100%
Ensemble Home
100%
I
100%
if
100%
Odysseus If
100%
I'm
100%
I've
100%
life
100%
life,
100%
like
100%
me
100%
my
100%
My
100%
now
100%
see
100%
she's
100%
so
100%
Odysseus Son
100%
son
100%
this
100%
to
100%
waiting
100%
we
100%
what
100%
What
100%
wonder
100%
world
100%
you
100%
You
100%
your
100%
as
91%
die
91%
each
91%
exists,
91%
grown
91%
had
91%
how
91%
I'd
91%
I'll
91%
in
91%
it
91%
know
91%
live
91%
meet
91%
much,
91%
much
91%
Oh,
91%
Oh
91%
oh,
91%
one
91%
other,
91%
other
91%
own
91%
show
91%
Odysseus Show
91%
tell
91%
the
91%
there
91%
Athena Very
91%
was
91%
watching
91%
well
91%
we're
91%
were
91%
where
91%
with
91%
you're
91%
yourself
91%
you've
91%
and
82%
arms
82%
away
82%
been
82%
boy
82%
died
82%
far
82%
from
82%
girl
82%
has
82%
it's
82%
It's
82%
long
82%
mother
82%
of
82%
Telemachus Of
82%
reunite
82%
that
82%
there's
82%
wanted
82%
bit
73%
course
73%
find
73%
flown
73%
got
73%
held
73%
Held
73%
hold
73%
joy
73%
known
73%
longed
73%
look
73%
moment
73%
more
73%
never
73%
sweetest
73%
Odysseus Telemachus
73%
time
73%
twenty
73%
Twenty
73%
years,
73%
years
73%
you'd
73%
empathy
64%
endeavor
64%
greet
64%
hellos
64%
hurts
64%
miss
64%
must
64%
only
64%
say
64%
used
64%
Used
64%
wish
64%
within
64%
ago
55%
alone
55%
cry
55%
embrace
55%
feel
55%
forever
55%
name
55%
not
55%
sky
55%
strengh
55%
suffer
55%
Things
55%
today
55%
wondered
55%
words
55%
about
45%
astray
45%
beyond
45%
clouds
45%
don't
45%
dreamt
45%
felt
45%
make
45%
might
45%
outgrow
45%
prepared
45%
storm
45%
strength
45%
Thought
45%
wandered
45%
way?
45%
capture
36%
Days
36%
led
36%
night
36%
we've
36%
wind
36%
Aucun quiz correspondant
Distribution des résultats
% des personnes avec chaque résultat
Percentile par nombre de réponses
Votre historique - résultats
Vous n’avez pas pris ce quiz